Horse Breed by Picture - Statistics

General Stats
  • This quiz has been taken 235 times
  • The average score is 9 of 16
Answer Stats
Picture Answer % Correct
Arabian
90%
Appaloosa
75%
Fjord
74%
Shetland
74%
Friesian
70%
American Paint Horse
65%
Clydesdale
64%
American Quarter Horse
59%
Thoroughbred
59%
Welsh Pony
51%
Andalusian
47%
Akhal-Teke
46%
Haflinger
42%
Percheron
42%
Dutch Warmblood
38%
Marwari
30%
No matching quizzes found
Score Distribution
Percent of People with Each Score
Percentile by Number Answered
Your Score History
You have not taken this quiz